Uplatnenie daňového bonusu na dieťa pri príjmoch zo zahraničia v r. 2025

V dôsledku konsolidácie verejných financií došlo k novele zákona č. 595/2003 Z. z. o dani z príjmov v znení neskorších predpisov zákonom č. 278/2024 Z. z., ktorým sa menia a dopĺňajú niektoré zákony v sú vislosti s ďalším zlepšovaním stavu verejných financií. Pre zdaňovacie obdobie roku 2025 boli zm...

Celý popis

Uložené v:
Podrobná bibliografia
Hlavný autor: Boráková, Marta
Médium: Kapitola
Jazyk:Slovak
Predmet:
Tagy: Pridať tag
Žiadne tagy, Buďte prvý, kto otaguje tento záznam!

MARC

LEADER 00000naa a2200000 4500
001 0308418
005 20250502132851.0
041 0 |a slo 
044 |a SK 
245 1 0 |a Uplatnenie daňového bonusu na dieťa pri príjmoch zo zahraničia v r. 2025  |c Marta Boráková 
520 |a V dôsledku konsolidácie verejných financií došlo k novele zákona č. 595/2003 Z. z. o dani z príjmov v znení neskorších predpisov zákonom č. 278/2024 Z. z., ktorým sa menia a dopĺňajú niektoré zákony v sú vislosti s ďalším zlepšovaním stavu verejných financií. Pre zdaňovacie obdobie roku 2025 boli zmenené podmienky pre uplatnenie daňového bonusu na vyživované dieťa. 
610 2 0 |a úľavy daňové 
610 2 0 |a bonus daňový 
610 2 0 |a konsolidácia 
610 2 0 |a financie verejné 
610 2 0 |a zákony 
610 2 0 |a novelizácia 
100 1 |a Boráková, Marta